<?xml version="1.0" encoding="UTF-8"?>
<record
    xmlns:xsi="http://www.w3.org/2001/XMLSchema-instance"
    xsi:schemaLocation="http://www.loc.gov/MARC21/slim http://www.loc.gov/standards/marcxml/schema/MARC21slim.xsd"
    xmlns="http://www.loc.gov/MARC21/slim">

  <leader>02939nam a2200277 a 4500</leader>
  <controlfield tag="001">70685</controlfield>
  <controlfield tag="003">BD-RjUL</controlfield>
  <controlfield tag="005">20211209082029.0</controlfield>
  <controlfield tag="008">170419s2006    ii a     b    001 0 eng c</controlfield>
  <datafield tag="020" ind1=" " ind2=" ">
    <subfield code="a">8173715017</subfield>
  </datafield>
  <datafield tag="035" ind1=" " ind2=" ">
    <subfield code="a">(BD-RjUL)70899</subfield>
  </datafield>
  <datafield tag="040" ind1=" " ind2=" ">
    <subfield code="a">BTCTA</subfield>
    <subfield code="c">BTCTA</subfield>
    <subfield code="d">YDXCP</subfield>
    <subfield code="d">BAKER</subfield>
    <subfield code="d">AGL</subfield>
    <subfield code="d">MYG</subfield>
    <subfield code="d">OrLoB-B</subfield>
    <subfield code="d">BD-RjUL</subfield>
    <subfield code="b">eng</subfield>
  </datafield>
  <datafield tag="041" ind1=" " ind2=" ">
    <subfield code="a">eng</subfield>
  </datafield>
  <datafield tag="082" ind1=" " ind2=" ">
    <subfield code="2">23</subfield>
    <subfield code="a">660.6</subfield>
    <subfield code="b">CHM 2006</subfield>
  </datafield>
  <datafield tag="100" ind1="1" ind2=" ">
    <subfield code="a">Channarayappa.</subfield>
    <subfield code="9">209211</subfield>
  </datafield>
  <datafield tag="245" ind1="1" ind2="0">
    <subfield code="a">Molecular biotechnology :</subfield>
    <subfield code="b">principles and practices /</subfield>
    <subfield code="c">Channarayappa.</subfield>
  </datafield>
  <datafield tag="260" ind1=" " ind2=" ">
    <subfield code="a">Hyderguda, Hyderabad :</subfield>
    <subfield code="b">Universities Press,</subfield>
    <subfield code="c">c2006.</subfield>
  </datafield>
  <datafield tag="300" ind1=" " ind2=" ">
    <subfield code="a">1217 p. :</subfield>
    <subfield code="b">ill. ;</subfield>
    <subfield code="c">24 cm.</subfield>
  </datafield>
  <datafield tag="490" ind1="1" ind2=" ">
    <subfield code="a">Biotechnology (Universities Press)</subfield>
  </datafield>
  <datafield tag="504" ind1=" " ind2=" ">
    <subfield code="a">Includes bibliographical references and index.</subfield>
  </datafield>
  <datafield tag="505" ind1="0" ind2="0">
    <subfield code="t">Introduction to biotechnology --</subfield>
    <subfield code="t">Biotechnology : scope and importance --</subfield>
    <subfield code="t">Biosafety and good laboratory practices --</subfield>
    <subfield code="t">Advanced techniques in molecular biology --</subfield>
    <subfield code="t">Techniques of cell fractionation and centrifugation --</subfield>
    <subfield code="t">Chemical synthesis of nucleic acids --</subfield>
    <subfield code="t">DNA chip technology and its potential applications --</subfield>
    <subfield code="t">Bioinformatics in biotechnology --</subfield>
    <subfield code="t">Working with nucleic acids --</subfield>
    <subfield code="t">Isolation of nucleic acids --</subfield>
    <subfield code="t">Measuring nucleic acid concentration and purity --</subfield>
    <subfield code="t">Electrophoretic techniques --</subfield>
    <subfield code="t">DNA sequencing --</subfield>
    <subfield code="t">Genetic maps and marker analysis --</subfield>
    <subfield code="t">Polymerase chain reaction (PCR) --</subfield>
    <subfield code="t">In Situ hybridization --</subfield>
    <subfield code="t">Recombinant DNA and genetic engineering --</subfield>
    <subfield code="t">Fundamentals of recombinant DNA technology --</subfield>
    <subfield code="t">Enzymes in molecular cloning --</subfield>
    <subfield code="t">Gene constructs and cloning vectors --</subfield>
    <subfield code="t">DNA libraries --</subfield>
    <subfield code="t">Molecular biology of gene transfer systems --</subfield>
    <subfield code="t">Selection and screening of recombinant molecules --</subfield>
    <subfield code="t">Applications of biotechnology --</subfield>
    <subfield code="t">Genetic engineering of microorganisms --</subfield>
    <subfield code="t">Genetic engineering of animals --</subfield>
    <subfield code="t">Genetic engineering in plants --</subfield>
    <subfield code="t">Working with proteins --</subfield>
    <subfield code="t">Protein purification techniques --</subfield>
    <subfield code="t">Protein detection and estimation --</subfield>
    <subfield code="t">Protein fractionation techniques --</subfield>
    <subfield code="t">Immunochemical techniques --</subfield>
    <subfield code="t">Bacterial and mammalian cell culture --</subfield>
    <subfield code="t">Biology of bacteria --</subfield>
    <subfield code="t">Cultivation of mammalian cells in vitro --</subfield>
    <subfield code="t">In Vitro plant cell culture and crop improvement --</subfield>
    <subfield code="t">Plant cell culture laboratory and requirements --</subfield>
    <subfield code="t">Plant culture media, preparation, and culture initiation --</subfield>
    <subfield code="t">Micropropagation --</subfield>
    <subfield code="t">Cultures of organized tissues --</subfield>
    <subfield code="t">Culture of unorganized tissues --</subfield>
    <subfield code="t">Cryopreservation and distribution of clonal material --</subfield>
    <subfield code="t">Measurement of plant cell growth and cytological analysis --</subfield>
  </datafield>
  <datafield tag="505" ind1="8" ind2="0">
    <subfield code="t">Protoplast fusion and somaclonal variation --</subfield>
    <subfield code="t">Application of plant cell, tissue and organ culture --</subfield>
    <subfield code="t">Environmental biotechnology --</subfield>
    <subfield code="t">Biotechnology in pollution control --</subfield>
    <subfield code="t">Biodiversity and genetic conservation --</subfield>
    <subfield code="t">Bioenergy fuel from biomass --</subfield>
    <subfield code="t">Regulatory aspects of using genetically-modified organisms --</subfield>
    <subfield code="t">Intellectual property rights and socio-legal aspects of biotechnology.</subfield>
  </datafield>
  <datafield tag="650" ind1=" " ind2="0">
    <subfield code="a">Biotechnology.</subfield>
    <subfield code="9">209212</subfield>
  </datafield>
  <datafield tag="830" ind1=" " ind2="0">
    <subfield code="a">Biotechnology (Universities Press)</subfield>
    <subfield code="9">209214</subfield>
  </datafield>
  <datafield tag="942" ind1=" " ind2=" ">
    <subfield code="2">ddc</subfield>
    <subfield code="c">BK</subfield>
  </datafield>
  <datafield tag="999" ind1=" " ind2=" ">
    <subfield code="c">70685</subfield>
    <subfield code="d">70685</subfield>
  </datafield>
  <datafield tag="952" ind1=" " ind2=" ">
    <subfield code="0">0</subfield>
    <subfield code="1">0</subfield>
    <subfield code="2">ddc</subfield>
    <subfield code="4">0</subfield>
    <subfield code="7">1</subfield>
    <subfield code="8">NFIC</subfield>
    <subfield code="a">RUCL</subfield>
    <subfield code="b">RUCL</subfield>
    <subfield code="c">Reading</subfield>
    <subfield code="d">2007-08-21</subfield>
    <subfield code="e">Dhaka, Paragon Enterprises Ltd.</subfield>
    <subfield code="g">735.00</subfield>
    <subfield code="l">0</subfield>
    <subfield code="o">660.6 CHM 2006</subfield>
    <subfield code="r">2017-04-19 00:00:00</subfield>
    <subfield code="t">C-1</subfield>
    <subfield code="w">2017-04-19</subfield>
    <subfield code="y">BK</subfield>
  </datafield>
</record>
